Central Library OPAC University of Rajshahi

একাত্তরের যোদ্ধারা / (Record no. 76114)

MARC details
000 -LEADER
fixed length control field 00941nam a22002417a 4500
001 - CONTROL NUMBER
control field 76114
003 - CONTROL NUMBER IDENTIFIER
rucl marc code BD-RjUL
005 - DATE AND TIME OF LATEST TRANSACTION
control field 20211209082808.0
008 - FIXED-LENGTH DATA ELEMENTS--GENERAL INFORMATION
fixed length control field 191028s2019 bg ||||| |||| 00| 0 ben d
020 ## - INTERNATIONAL STANDARD BOOK NUMBER
International Standard Book Number 9789849047308
035 ## - SYSTEM CONTROL NUMBER
System control number (BD-RjUL)76335
040 ## - CATALOGING SOURCE
Original cataloging agency BD-RjUL
Language of cataloging eng
Transcribing agency BD-RjUL
041 ## - LANGUAGE CODE
Language code of text/sound track or separate title eng
082 ## - DEWEY DECIMAL CLASSIFICATION NUMBER
Edition number 23
Classification number 954.9205092
Author mark and year EKA 2019
245 ## - TITLE STATEMENT
Title একাত্তরের যোদ্ধারা /
Statement of responsibility, etc. সংগ্রহ ও সম্পাদনা ইসহাক কাজল
260 ## - PUBLICATION, DISTRIBUTION, ETC. (IMPRINT)
Place of publication, distribution, etc. ঢাকা :
Name of publisher, distributor, etc. ইত্যাদি গ্রন্থ প্রকাশ,
Date of publication, distribution, etc. ২০১৯
300 ## - PHYSICAL DESCRIPTION
Pagination ৩০২ পৃ. :
Illustrations চিত্র ;
Size ২২ সেমি.
650 ## - SUBJECT ADDED ENTRY--TOPICAL TERM
Topical term or geographic name as entry element Nationalists
Geographic subdivision Bangladesh
Form subdivision Biography.
9 (RLIN) 234137
Topical term or geographic name as entry element Revolutionaries
Geographic subdivision Bangladesh
Form subdivision Biography.
9 (RLIN) 234138
651 ## - SUBJECT ADDED ENTRY--GEOGRAPHIC NAME
Geographic name Bangladesh
General subdivision History
Chronological subdivision Revolution, 1971.
9 (RLIN) 234139
700 ## - ADDED ENTRY--PERSONAL NAME
Personal name কাজল, ইসহাক
942 ## - ADDED ENTRY ELEMENTS (KOHA)
Source of classification or shelving scheme Dewey Decimal Classification
Koha item type Books
Holdings
Lost status Source of classification or shelving scheme Damaged status Not for loan Permanent Location Current Location Shelving location Date acquired Source of acquisition Cost, normal purchase price Total Checkouts Full call number Date last seen Copy number Koha item type
  Dewey Decimal Classification   Not For Loan Central Library, University of Rajshahi Central Library, University of Rajshahi Reading Room 28/08/2019 Vidyasagar, Rajshahi 450.00   B 954.9205092 EKA 2019 28/10/2019 C-1 Books